| 000 | 00369 a2200109 4500 | ||
|---|---|---|---|
| 001 | ART_3001 | ||
| 005 | 20260410161711.0 | ||
| 008 | 260409a | ||
| 245 | 1 | 0 | _aGastos militares y economía regional: El Ejercito del Norte (1810-1817) |
| 100 | 1 | _aHalperin Donghi, Tulio | |
| 773 | 0 |
_tDesarrollo económico _g- Vol. 11, Nº 41 (abr./jun. 1971) _wREV1174 |
|
| 999 |
_c16128 _d16128 |
||